000 00315nam a22001337a 4500
008 171006b xxu||||| |||| 00| 0 eng d
020 _a9780195097276
041 _aeng
080 _23RD
_a159.9
100 _a49
101 _aPSI
245 _aTHE AMERICAN INTELLECTUAL TRADITION
_cHOLLINGER,D.A
942 _2udc
_cBK
999 _c32363
_d32363